• 首页
  • 本馆介绍
  • 公告通知
  • 最新文献
  • 馆藏检索
  • 电子资源
  • 读者导购
  • 参考咨询
  • 我的图书馆
  • 登录
  • 详细信息显示
  • 放入我的书架
  • 预约/预借图书
  • 作者相关作品
  • 分类相关作品
  • 丛书相关作品
  • 出版社相关作品

书目信息

  • 表格格式
  • 工作单格式
  • 卡片格式
题名:
暗物质与恐龙
    
 
作者: 兰道尔 著 ;苟利军 , 李楠 , 尔欣中 译
分册:  
出版信息: 杭州   浙江人民出版社  2016.12
页数: 390页
开本: 23cm
丛书名:
单 册:
中图分类: P145.9-49
科图分类:
主题词: 暗物质--普及读物
电子资源:
ISBN: 978-7-213-07726-5
000 01259nam0 2200289 450
001 302
005 20180921164146.85
010    @a978-7-213-07726-5@dCNY89.90
100    @a20170328d2016 em y0chiy50 ea
101 1  @achi@ceng
102    @aCN@b330000
105    @aa z 000yy
200 1  @a暗物质与恐龙@9an wu zhi yu kong long@e宇宙万物的互联@dDark matter and the dinosaurs@ethe astounding interconnectedness of the universe@f(美)丽莎·兰道尔(Lisa Randall)著@g苟利军,李楠,尔欣中等译
210    @a杭州@c浙江人民出版社@d2016.12
215    @a390页@c图,照片@d23cm
300    @a湛庐文化 财富汇
300    @a理论物理学大师 丽莎·兰道尔宇宙三部曲
330    @a本书是一本关于暗物质灭绝恐龙的科普杰作。在对宇宙杰出的探索中,兰道尔用自己的研究揭示了宇宙时空与地球物种的深切关联。全书分为三部分,包括:宇宙的历程、活跃的太阳系、破解暗物质的秘密。
510 1  @aDark matter and the dinosaurs@ethe astounding interconnectedness of the universe@zeng
606 0  @a暗物质@j普及读物
690    @aP145.9-49@v5
701  0 @c(美)@a兰道尔@9lan dao er@c(女,Randall, Lisa)@4著
702  0 @a苟利军@9gou li jun@c(翻译)@4译
702  0 @a李楠@9li nan@4译
702  0 @a尔欣中@9er xin zhong@4译
801  0 @aCN@b91MARC@c20170328
905    @aMuseLib@dP145.9-49@e237
    
    暗物质与恐龙:宇宙万物的互联=Dark matter and the dinosaurs:the astounding interconnectedness of the universe/(美)丽莎·兰道尔(Lisa Randall)著/苟利军,李楠,尔欣中等译.-杭州:浙江人民出版社,2016.12
    390页:图,照片;23cm
    湛庐文化 财富汇.-理论物理学大师 丽莎·兰道尔宇宙三部曲
    
    ISBN 978-7-213-07726-5:CNY89.90
    本书是一本关于暗物质灭绝恐龙的科普杰作。在对宇宙杰出的探索中,兰道尔用自己的研究揭示了宇宙时空与地球物种的深切关联。全书分为三部分,包括:宇宙的历程、活跃的太阳系、破解暗物质的秘密。
●
相关链接 在E读中查询图书 在五车中查询图书 在当当中查询图书 在豆瓣中查询图书


正题名:暗物质与恐龙     索取号:P145.9-49/237         预约/预借

序号 登录号 条形码 馆藏地/架位号 状态 备注
1 1119234   211192341   第二样本阅览室/ [索取号:P145.9-49/237] 在馆    
2 1119235   211192350   第三借阅区/ [索取号:P145.9-49/237] 在馆    
3 1119236   211192369   密集书库-物理学院/ [索取号:P145.9-49/237] 在馆    
4 1119237   211192378   第三借阅区/ [索取号:P145.9-49/237] 在馆    
5 1119238   211192387   第三借阅区/ [索取号:P145.9-49/237] 在馆    
唐山师范学院图书馆 欢迎您!
大连网信软件有限公司© 版权所有